000 00271nam a2200109Ia 4500
008 220713s9999 xx 000 0 und d
020 _a978 0 7166 7729 1
082 _aJR 591.734 LEAR
100 _aNo author, editors only
245 0 _aRain Forest Animals
942 _cBK
_y561
_zJohn Tresidder
999 _c697763
_d697762